Statistics for Miraculous Ladybug

Click here to take the quiz!

General Stats

  • This quiz has been taken 985 times
    (948 since last reset)
  • The average score is 13 of 18

Answer Stats

QuestionAnswer% Correct
Who does Marinette/Ladybug have a crush on? (The first time)Adrien Agreste
98%
What is the main character's name? (Female)Marinette Dupain-Cheng
98%
What is the main character's name? (Male)Adrien Agreste
96%
Who does Adrien/Cat Noir have a crush on? (The first time)Ladybug
92%
What does Ladybug say when she transforms?Tikki, Spots On!
92%
What was Adrien's name in the 2D version? (Now playing a role as his cousin)Felix
90%
What are Chloe's parent's jobs?Mom: fashion designer, Dad: mayor of Paris
88%
What does Cat Noir say when he transforms?Plagg, Claws Out!
87%
What are Marinette's personalities?Clumsy, forgetful
81%
Who are the Kwamis that are shown in the series? (Not including Sandboy, 2019, Feb.)Tikki, Plagg, Trixx, Pollen, Nooroo, Wayzz
74%
Why was Aurore Boreale akumatized the second time?Because Chloe made fun of her
67%
How many seasons are there? (2019, Feb.)3
65%
What are Adrien's personalities?Shy, reserved
58%
What was Marinette's name in the 2D version?Bridgette
52%
In which episode was Alya transformed into Rena Rouge?Season 2, episode 11
52%
How many episodes were released so far? (2019, Feb.)78
34%
What is Marinette known for? (In her school)Owning a bakery (her parents)
28%
How many specials are there? (Ex. Hero's Day, Christmas Special. 2019, Feb.)5
16%

Score Distribution

Percentile by Number Answered

Percent of People with Each Score

Your Score History

You have not taken this quiz since the last reset